Major places starting with "D" - Statistics

General Stats
  • This quiz has been taken 13 times
  • The average score is 14 of 121
Answer Stats
Hint Answer % Correct
Country Denmark
100%
Capital City | Country Djibouti
92%
Country Dominica
85%
Country Dominican Republic
85%
Capital City | Major City/Subdivision Dublin
69%
Major City/Subdivision Dubai
54%
Capital City | Major City/Subdivision Dushanbe
54%
Capital City | Major City/Subdivision Damascus
46%
Major City/Subdivision Delaware
46%
Country Democratic Republic of the Congo
46%
Capital City Doha
46%
Major City/Subdivision Delhi
38%
Capital City | Major City/Subdivision Dili
38%
Capital City Dakar
31%
Major City/Subdivision Dar es Salaam
31%
Capital City | Major City/Subdivision Dhaka
31%
Capital City | Major City/Subdivision Dodoma
31%
Major City/Subdivision Davao
23%
Major City/Subdivision Donetsk
23%
Major City/Subdivision Dnipropetrovsk
15%
Major City/Subdivision Diyarbakır
8%
Major City/Subdivision Durango
8%
Major City/Subdivision Dadra and NagarHaveli and Daman and Diu
0%
Major City/Subdivision Dagana
0%
Major City/Subdivision Dagestan
0%
Major City/Subdivision Dajabón
0%
Major City/Subdivision Dakahlia
0%
Major City/Subdivision Dakhla-Oued Ed-Dahab
0%
Major City/Subdivision Dakhlet Nouadhibou
0%
Major City/Subdivision Dalabyggð
0%
Major City/Subdivision Dalarna
0%
Major City/Subdivision Dalvíkurbyggð
0%
Major City/Subdivision Dâmbovița
0%
Major City/Subdivision Damietta
0%
Major City/Subdivision Danilovgrad
0%
Major City/Subdivision Daraa
0%
Major City/Subdivision Darién
0%
Major City/Subdivision Darkhan-Uul
0%
Major City/Subdivision Dashkasan
0%
Major City/Subdivision Daşoguz
0%
Major City/Subdivision Daugavpils
0%
Sea Davis Sea
0%
Major City/Subdivision Daykundi
0%
Major City/Subdivision Debar
0%
Major City/Subdivision Deir ez-Zor
0%
Major City/Subdivision Delta
0%
Major City/Subdivision Delta Amacuro
0%
Major City/Subdivision Demerara-Mahaica
0%
Major City/Subdivision Denigomodu
0%
Major City/Subdivision Dennery
0%
Major City/Subdivision Derna
0%
Major City/Subdivision Destrnik
0%
Major City/Subdivision Dhale
0%
Major City/Subdivision Dhamar
0%
Major City/Subdivision Dhi Qar
0%
Major City/Subdivision Dhofar
0%
Major City/Subdivision Diana
0%
Major City/Subdivision Dibër
0%
Major City/Subdivision Diekirch
0%
Major City/Subdivision Diffa
0%
Major City/Subdivision Dikhil
0%
Major City/Subdivision Dire Dawa
0%
Major City/Subdivision Districts under Central Government Jurisdiction
0%
Major City/Subdivision Distrito Capital
0%
Major City/Subdivision Distrito Nacional
0%
Major City/Subdivision Debarca
0%
Major City/Subdivision Delčevo
0%
Major City/Subdivision Demir Hisar
0%
Major City/Subdivision Demir Kapija
0%
Major City/Subdivision Điện Biên
0%
Major City/Subdivision Divača
0%
Major City/Subdivision Đồng Nai
0%
Major City/Subdivision Đồng Tháp
0%
Major City/Subdivision Dobje
0%
Major City/Subdivision Dobrepolje
0%
Major City/Subdivision Dobrna
0%
Major City/Subdivision Dobrova–Polhov Gradec
0%
Major City/Subdivision Dobrovnik
0%
Major City/Subdivision Dojran
0%
Major City/Subdivision Dolenjske Toplice
0%
Major City/Subdivision Dolneni
0%
Major City/Subdivision Dol pri Ljubljani
0%
Major City/Subdivision Domžale
0%
Major City/Subdivision Dornava
0%
Major City/Subdivision Dornod
0%
Major City/Subdivision Dornogovi
0%
Major City/Subdivision Drâa-Tafilalet
0%
Major City/Subdivision Dravograd
0%
Major City/Subdivision Dundgovi
0%
Major City/Subdivision Duplek
0%
Major City/Subdivision Diyala
0%
Major City/Subdivision Djanet
0%
Major City/Subdivision Djelfa
0%
Major City/Subdivision Djibloho
0%
Major City/Subdivision Đắk Lắk
0%
Major City/Subdivision Đắk Nông
0%
Major City/Subdivision Dobele
0%
Major City/Subdivision Dobrich
0%
Major City/Subdivision Dolj
0%
Major City/Subdivision Domagnano
0%
Major City/Subdivision Dondușeni
0%
Major City/Subdivision Donga
0%
Major City/Subdivision Dosso
0%
Major City/Subdivision Drochia
0%
Major City/Subdivision Duarte
0%
Major City/Subdivision Dubăsari
0%
Major City/Subdivision Dubrovnik-Neretva
0%
Major City/Subdivision Duhok
0%
Major City/Subdivision Dún Laoghaire–Rathdown
0%
Major City/Subdivision Durazno
0%
Major City/Subdivision Durrës
0%
Sea D'Urville Sea
0%
Major City/Subdivision Düzce
0%
No matching quizzes found
Score Distribution
Percent of People with Each Score
Percentile by Number Answered
Your Score History
You have not taken this quiz